BSOP header

The monster within : (Record no. 22955)

MARC details
000 -LEADER
fixed length control field 00629nam a2200169 4500
008 - FIXED-LENGTH DATA ELEMENTS--GENERAL INFORMATION
fixed length control field 050503s1984 miu 000 0aeng
020 ## - INTERNATIONAL STANDARD BOOK NUMBER
International Standard Book Number 0801077311
090 ## - LOCALLY ASSIGNED LC-TYPE CALL NUMBER (OCLC); LOCAL CALL NUMBER (OCLC)
Classification number (OCLC) (R) ; Classification number, CALL (RLIN) (NR) RC552.B84
Local cutter number (OCLC) ; Book number/undivided call number, CALL (RLIN) R79
100 1# - MAIN ENTRY--PERSONAL NAME
Personal name Rowland, Cynthia Joye.
245 14 - TITLE STATEMENT
Title The monster within :
Remainder of title overcoming bulimia /
Statement of responsibility, etc Cynthia Joye Rowland, with Paul Meier ... [et al.].
260 ## - PUBLICATION, DISTRIBUTION, ETC. (IMPRINT)
Place of publication, distribution, etc Grand Rapids, Mich. :
Name of publisher, distributor, etc Baker Book House,
Date of publication, distribution, etc c1984.
300 ## - PHYSICAL DESCRIPTION
Extent 184 p. ;
Dimensions 23 cm.
600 14 - SUBJECT ADDED ENTRY--PERSONAL NAME
Personal name McClure, Cynthia Rowland.
650 #4 - SUBJECT ADDED ENTRY--TOPICAL TERM
Topical term or geographic name as entry element Bulimia
General subdivision Patients
Geographic subdivision United States
General subdivision Biography.
951 ## - EQUIVALENCE OR CROSS-REFERENCE-GEOGRAPHIC NAME/AREA NAME [OBSOLETE] [CAN/MARC only]
General subdivision 00030756
700 1# - ADDED ENTRY--PERSONAL NAME
Personal name Meier, Paul D.
951 ## - EQUIVALENCE OR CROSS-REFERENCE-GEOGRAPHIC NAME/AREA NAME [OBSOLETE] [CAN/MARC only]
-- 28322
-- RC552.B84/R79
-- 070613111447984
-- 2000-12-21
-- GC
Holdings
Withdrawn status Lost status Damaged status Not for loan Home library Current library Shelving location Date acquired Accession number Shelving control number Total Checkouts Full call number Barcode Date last seen Price effective from Koha item type
        BSOP Library BSOP Library GC 12/21/2000 28322 127   RC552.B84/R79 00030756 02/23/2013 02/23/2013 Books
BSOP

Biblical Seminary of the Philippines
  All rights Reserved
  © 2024

CONTACT INFORMATION

Biblical Seminary of the Philippines,
  77-B Karuhatan Road, Valenzuela City,
  PHILIPPINES 1441
  Phone: +632 8292-6795 / 8292-6798
  Fax : +632 8292-6675
  Email: library@bsop.edu.ph